1973 1063 1946 1059 1339 1499 1988 1707 1105 1447 1425 1756 1736 1915 1980 1060 1038 1430 1386 1205 1827 1285 1735 1050 1183 1061 1763 1549 1295 1000 1015 1227 1184 1039 1146 1295 1949 1788 1572 1524 1334 1363 1403 1595 1376 1974 1656 1446 1858 1410 1730 1977 1285 1363 1601 1612 1473 1032 1888 1575 1222 1656 1750 1718 1588 1611 1833 1998 1351 1975 1248 1888 1562 1598 1547 1715 1723 1647 1473 1079 1491 1380 1276 1442 1739 1580 1003 1709 1387 1016 1480 1703 1101 1675 1714 1637 1444 1529 1395 BCNSPRNW ULIB Ver.6.0+V

เปลี่ยนเป็นภาษาไทย

Change to English
 แสดงรายละเอียดบรรณานุกรม
  กลับหน้าหลัก

Brief Record : Get Marc (ISO 2709) : E-mail record : QR code < ปิดหน้าต่าง
LEADER : 00000nam 2200000uu 4500
001    13399124534
003     ULIB
008    150827s2010||||th 000 0 tha d
020    ^a0323056415 (paperback) ^c^72.95
020    ^a9780323056410 (paperback)
060  4 WY86^bNU974
100 1  ^aAlligood, Martha Raile.
245 10 ^aNursing theorists and their work, 7e / ^cMartha Raile Alligood, Ann Marriner Tomey.
250    ^a7th ed.
260    ^a[S.l.] : ^bMosby, ^c2009.
300    ^a816 p. ; ^c24 cm.
520    ^aThe most comprehensive of its kind, this classic resource in the field of nursing theory provides an in-depth look at 49 theorists of historical, international, and significant importance. Each chapter features a clear, consistent presentation of a key nursing philosophy or theory. Case studies and critical thinking activities help bridge the gap between theory and application. A case study at the end of each theorist chapter puts the theory into a larger perspective, helping you understand how the information can be applied to practice. A Major Concepts & Definitions box in each theorist chapter outlines and summarizes the theory’s most significant ideas and clarifies content-specific vocabulary. Each theorist chapter concludes with an extensive bibliography outlining numerous primary and secondary sources of information ideal for research projects. Critical Thinking Activities at the end of each theorist chapter challenge you to process the theory presented and apply it to personal and hypothetical practice situations. Introductory chapters provide you with a strong foundation in the history and philosophy of science, logical reasoning, and the theory development process. Diagrams for theories help you visualize and better understand inherently abstract concepts. Each theorist chapter is written by a scholar specializing in that particular theorist’s work - often an individual who has worked closely with the theorist. Most chapters have been reviewed and edited by the theorist for currency and accuracy, further validating the accounts set forth in the text. Theorist birth (and if applicable, death) dates help you place each individual into a time context. A new chapter introduces the theorist Afaf Meleis and covers her Transition Theory that has helped shape the theoretical development of nursing. Points for further study at the end of each chapter direct you to assets available for additional information. Need to know information is highlighted in at-a-glance summary boxes throughout to help you quickly review key concepts. Personal quotes from the theorists help you gain insight and make each complex theory more memorable. Updated references include only published works to ensure accuracy and credibility.
700 1  ^aTomey, Ann Marriner.
945    ^p0^l0^i027401
999    ^aเกษร โพธิ์สุวรรณ
รายการนี้ยังไม่มีแท็ก
คุณยังไม่ได้ล็อกอิน คุณสามารถมีกิจกรรมร่วมกับเว็บไซต์ได้ แต่ต้องล็อกอินก่อน ::
  ล็อกอิน

รายการสื่อสารสนเทศ

ลำดับที่ ประเภท เลขเรียก/บาร์โค้ด สถานที่ สถานะ
1. Book การพยาบาล
Book การพยาบาล
WY86 NU974 ฉ.1 
  Barcode: 027401
ห้องสมุดวิทยาเขตสวรรค์ประชารักษ์
►หนังสือทั่วไป
บนชั้น

BibComment


ยังไม่เคยถูกคอมเมนท์

คอมเมนท์ทรัพยากรรายการนี้
  คอมเมนท์: Nursing theorist..


 Copyright 2026. Bcnsprnw @Library